000 00907nam a22001697a 4500
999 _c63781
_d63781
003 Ge_BSU
005 20260113152756.0
008 260113s1958 ge ||||| |||| 00| 0 geo d
041 _ageo
080 _a338(479.22)+ 94(479.22) ს-32
245 _aსაქართველოს სსრ :
_bმოკლე ისტორიულ-ეკონომიკური ნარკვევი /
_cპ. გუგუშვილის რედ.; საქ. სსრ მეცნ. აკად., ეკონომიკის ინ-ტი.
264 _aთბ. :
_bსაბჭ. საქართველო,
_c1958.
300 _a316 გვ. :
_b ილ., 1 ცალკ. ფ. რუკ. ;
_c20 სმ.
653 _aსაქართველოს ახალი ისტორია
653 _aსაქართველოს ეკონომიკა
942 _2udc
_cᲬᲘᲒᲜᲘ